|
|
|
|
| LEADER |
00000nam0a2200000 4500 |
| 001 |
351868 |
| 005 |
20231102010438.0 |
| 035 |
|
|
|a (RuTPU)RU\TPU\retro\7782
|
| 090 |
|
|
|a 351868
|
| 100 |
|
|
|a 20191023d1960 k y0rusy50 ca
|
| 101 |
0 |
|
|a rus
|
| 102 |
|
|
|a RU
|
| 105 |
|
|
|a y z 000zy
|
| 200 |
1 |
|
|a Морфологические черты зон окислений
|e [оттиск статьи]
|f Ф. Н. Шахов
|
| 210 |
|
|
|d 1960
|
| 215 |
|
|
|a 42 с.
|
| 316 |
|
|
|5 63413507: ШкА2/350
|a На с. 1 дарственная надпись: "В библиотеку Томского Политехнического Ин-та. 17.03.61"
|
| 606 |
1 |
|
|a Геология
|2 stltpush
|3 (RuTPU)RU\TPU\subj\6095
|9 34054
|
| 610 |
1 |
|
|a дары автора
|
| 610 |
1 |
|
|a коллекция ТПУ
|
| 610 |
1 |
|
|a месторождения
|
| 610 |
1 |
|
|a окисление
|
| 610 |
1 |
|
|a первичные руды
|
| 610 |
1 |
|
|a сульфидные руды
|
| 610 |
1 |
|
|a минерализация
|
| 610 |
1 |
|
|a образования
|
| 610 |
1 |
|
|a рудники
|
| 610 |
1 |
|
|a полиметаллические руды
|
| 675 |
|
|
|a 55
|v 3
|
| 700 |
|
1 |
|a Шахов
|b Ф. Н.
|c российский геолог
|c профессор Томского политехнического института
|f 1894-1971
|g Феликс Николаевич
|2 stltpush
|3 (RuTPU)RU\TPU\pers\505
|
| 801 |
|
1 |
|a RU
|b 63413507
|c 20080519
|g PSBO
|
| 801 |
|
2 |
|a RU
|b 63413507
|c 20200303
|g PSBO
|
| 942 |
|
|
|c BK
|